000 00972nam0a22002771 4500
001 RU\INFOCOMM_322\NLR\5000218543
005 20250613112011.0
035 _a(NLR Aleph) 009601161
090 _a9311717
_c9311717
100 _a20130309d1973 |||y0rusy50 ca
101 0 _aeng
102 _aRU
105 _ay z |||||
200 1 _aAmbiguities in π⁴He phase shift analysis
_fF. Nichitiu
210 _aДубна
_d1973
215 _a10 с. с табл.
_cтабл.
_d21 см
225 1 _aˆ[‰Издания]
_fОбъедин. ин-т ядерных исследований. Лаб. ядерных проблем
_vE2-6890
320 _aБиблиогр.: с. 6-7
606 0 _aПионы (физ.)
_xВзаимодействия с альфачастицами
_2nlr_sh1
686 _aФз-1605
_2rubbk
700 1 _aNichitiu
_bF.
_gFlorian
801 1 _aRU
_bInfocomm
_c20130309
801 0 _aRU
_bINFOCOMM
_gPSBO
852 _aNLR
_jP11/3130
942 _cBOOK
980 _aNB